000 00468nam a2200169Ia 4500
003 GCL
008 140319s9999 xx 000 0 eng d
040 _aGCL /
_cGCL
082 0 4 _a541.369
_bF C
100 1 _aFLETCHER, PHILIP
245 1 0 _aCHEMICAL THERMODYNAMICS FOR EARTH SCIENTISTS /
_cFLETCHER, PHILIP
260 _a[S.N] :
_bLONGMAN SCIENTIFIC AND TECHNICAL ،
_c1993
300 _a464 P
650 0 4 _aTHERMODYNAMICS
650 0 4 _aCHEMISTRY
942 _2ddc
_cBK
999 _c21062
_d21062